000 01858nam a2200301 i 4500
001 000020574
003 DO-SdBNP
005 20240315194914.0
007 ta
008 100810s2014 dr a r 000 0 spa d
040 _aDO-SdBNP
_bspa
_cBNPHU
_erda
082 4 _bC755p
_222
110 1 _aConsejo de Desarrollo de la Provincia de La Vega (República Dominicana)
_943298
245 1 0 _aPlan estratégico de desarrollo de la provincia La Vega :
_bPEVEGA /
_cprólogo, Juan Temístocles Montás ; presentación, Andrés Rodríguez Céspedes.
264 _aSanto Domingo :
_bPEVEGA,
_c2014.
300 _a326 páginas :
_bilustraciones ;
_c23 cm.
336 _2rdacontent
_atexto
_btxt
337 _2rdamedia
_asin mediación
_bn
338 _2rdacarrier
_avolumen
_bnc
504 _aBibliografía : p. 323-326
505 0 _aGlosario -- prólogo -- presentación -- Autoridades Provincia La Vega -- Consejo de Desarrollo Provincia La Vega -- Caracterización de la provincia La Vega -- Visión del plan estratégico de desarrollo provincia La Vega -- Objetivos del plan estratégico de desarrollo Provincia La Vega -- Estrategias del plan estratégico de desarrollo -- Ejes transversales del plan estratégico de desarrollo provincia La Vega -- Finalidades del plan estratégico de desarrollo Provincia La Vega -- Ámbito uso de suelo, sostenibilidad ambiental y cambio climático -- Ámbito economía integralidad y competitividad -- Ámbito inclusión social, igualdad de derechos y oportunidades --Ámbito gobernanza y desarrollo ciudadano --
590 _aInventariado, 2020 /LP
700 1 _aRodríguez Céspedes, Andrés,
_epresentación
_943299
700 1 _aMontás, Juan Temístocles
_d1950-
_eprólogo
_979676
710 2 _aConsejo de Desarrollo de la Provincia de La Vega (República Dominicana)
_943298
910 _aBtavárez
942 _2ddc
_cLBS1
999 _c20078
_d20078